| 000 | 01198nji a22003017a 4500 | ||
|---|---|---|---|
| 005 | 20100915120524.0 | ||
| 006 | a|||||r|||||00| 0 | ||
| 007 | sd ammalaaahaa | ||
| 008 | 100830t xxu||||| |||| 00| 0 eng d | ||
| 028 |
_aTAEC. 1357 _bOdeon |
||
| 035 | _aGR-02557 | ||
| 040 |
_aSED _cSED |
||
| 100 |
_917455 _aC. H. Atma |
||
| 245 |
_aNagina / _cby C. H. Atma & Lata Mnageshkar ; music Shankar Jaikishan ; lyrics Shailendra _h[sound recording] : |
||
| 246 | _aनगीना (C. H. Atma & Lata Mnageshkar) | ||
| 260 |
_aIndia _bOdeon _c1967 |
||
| 300 |
_a1 sound disc [Gramophone Recording]: _banalog, 45 rpm _c7 in. (LP) _fGramophone Record |
||
| 500 | _aBrief Record | ||
| 500 | _aOdeon | ||
| 500 | _aBlack | ||
| 505 | _aSide-1 Rou main sagar ke kinare (रोऊ मैं सागर के किनारे), Side-2 Kaisi khushi ki hai raat (कैसी ख़ुशी की है रात) | ||
| 650 |
_aClassical music _zIndia _91186 _xExcerpts _vFilm song |
||
| 700 |
_918874 _aMnageshkar, Lata |
||
| 700 |
_920130 _aShankar Jaikishan |
||
| 700 |
_920131 _aShailendra |
||
| 942 |
_2ddc _cGR |
||
| 999 |
_c45898 _d45898 |
||